| 000 | 00343nam a2200145Ia 4500 | ||
|---|---|---|---|
| 005 | 20251222141829.0 | ||
| 008 | 251222s9999||||xx |||||||||||||| ||spa|| | ||
| 020 | _a978-84-458-2065-0 | ||
| 082 | _aREF.611/N46/2011 | ||
| 100 | _aNetter, Frank H. | ||
| 245 | 0 | _aAtlas de AnatomÃa Humana | |
| 250 | _a5a.ed. | ||
| 264 | _bMasson | ||
| 942 | _cLIB | ||
| 999 |
_c7065 _d7065 |
||